| 000 | 00959nam a2200157 4500 | ||
|---|---|---|---|
| 008 | 708.009 K64y | ||
| 020 | _a9788417047313 | ||
| 082 |
_a708.009 _bK64y |
||
| 100 |
_aKlein, Yves _96793 |
||
| 245 | _aYves Klein | ||
| 260 |
_aCiudad de México _bMuseo Universitario de Arte Contemporáneo _c2017 |
||
| 300 |
_a328 p. _bill (col) _c22 x 16.5 cm |
||
| 505 |
_tPresentación _rJorge Volpi _tMi posición en el combate entre la línea y el color _rYves Klein _tLa evolución del arte hacia lo inmaterial _rYves Klein _tManifiesto del Hotel Chelsea _rYves Klein _tLa utopía del entusiasmo de Yves Klein _rKlaus Ottman _tYves Klein por Yves Klein por Yves Klein por daniela Franco _rDaniela Franco _tEl libro, la ficción, el cielo _rDaniela Saldaña París _tCronología _tExhibiciones individuales _tFilmografía selecta _tBibliografía _tCréditos |
||
| 650 |
_xarte contemporáneo _xarte - exhibiciones _xarte - biografía _96794 |
||
| 700 |
_aAlvarez Romero, Ekaterina (edición) _96792 |
||
| 999 |
_c1670 _d1670 |
||